000 00266nam a22001097a 4500
008 160520b xxu||||| |||| 00| 0 eng d
020 _a1413028772
041 _aeng
080 _a316.77
245 _aThe wadsworth anthology of drama:
_cW. B. Worthen;
942 _2udc
_cBK
999 _c2285
_d2285